| 000 | 01394namaa22003251i 4500 | ||
|---|---|---|---|
| 005 | 20260404115917.0 | ||
| 008 | 260115s1995 ua a|||frm||| 000 0 eng d | ||
| 040 |
_aEG-GICUC _beng _cEG-GICUC _dEG-GICUC _erda |
||
| 041 | 0 |
_aeng _beng _bara |
|
| 049 | _aDeposit | ||
| 097 | _aM.Sc | ||
| 099 | _aCai01.11.18.M.Sc.1995.Sa.I | ||
| 100 | 0 |
_aSameh Fathy Ibrahim, _epreparation. |
|
| 245 | 1 | 0 |
_aIncidence of fatty liver in adult egyptian diabetics / _cBy Sameh Fathy Ibrahim ; Supervised Prof. Dr. Khadega R. El-Ashmawy, Dr. Aly B. Hammad, Dr. Mona M. Abd El-Rahman |
| 246 | 1 | 5 | _aدراسة عن معدل تراكم الدهون في الكبد في مرضي السكر المصريين البالغين |
| 264 | 0 | _c1995. | |
| 300 |
_a133 Leaves : _billustrations _c30 cm. + |
||
| 336 |
_2rda content _atext |
||
| 337 |
_2rdamedia _aUnmediated |
||
| 338 |
_2rdacarrier _avolume |
||
| 502 | _aThesis (M.Sc.)-Cairo University, 1995. | ||
| 504 | _aBibliography: pages 114-133 | ||
| 653 | 0 |
_adiabetics _aliver _aadult Egyptian |
|
| 700 | 0 |
_aKhadega R. El-Ashmawy _ethesis advisor. |
|
| 700 | 0 |
_aAly B. Hammad _ethesis advisor. |
|
| 700 | 0 |
_aMona M. Abd El-Rahman _ethesis advisor. |
|
| 900 |
_DDepartment of Internal Medicine _FFaculty of Medicine _UCairo University _b1995 _cKhadega R. El-Ashmawy _cAly B. Hammad _cMona M. Abd El-Rahman |
||
| 905 |
_aNehad _eNourhan |
||
| 942 |
_2ddc _cTH _e21 _n0 |
||
| 999 | _c177731 | ||